| 000 | 01203cam a22003617a 4500 | ||
|---|---|---|---|
| 003 | CHAP | ||
| 005 | 20220817044112.0 | ||
| 008 | 060519d2005 it rn 00110 eng d | ||
| 010 | _a92209 | ||
| 011 | _a93181 | ||
| 020 | _a9251053901 | ||
| 035 | _a103753 | ||
| 040 | _cCHAP | ||
| 082 | 0 | 4 |
_a632.93 _bF3 v.182/1-2 |
| 110 | 2 | _aFAO | |
| 245 | 1 | 0 |
_aPesticide residues in food 2004 : _bevaluations ; residues _c/by FAO |
| 260 |
_aRome : _bFAO, _c2005. |
||
| 300 | _a2 v. | ||
| 490 | 0 |
_aFAO. Producción y protección vegetal _v; 182/1-2 |
|
| 590 |
_aBATCH-UPD _b10 _c20130110 _lUCH01 _h1753 |
||
| 590 |
_aBATCH-UPD _b10 _c20130410 _lUCH01 _h1130 |
||
| 590 |
_aBATCH-UPD _b10 _c20130914 _lUCH01 _h0211 |
||
| 590 |
_aCONVERSION _b10 _c20130109 _lUCH01 _h1351 |
||
| 650 | 1 | 4 |
_aAlimentos _xContaminacion por pesticidas. _94208 |
| 650 | 1 | 4 |
_aPesticidas _xResiduos. _987570 |
| 650 | 1 | 4 |
_aPesticidas _xToxicidad. _987571 |
| 830 | 0 |
_aFAO. Producción y protección vegetal _v; 182/1-2 _939654 |
|
| 901 | _aBK | ||
| 905 | _aLilia | ||
| 942 | _cLIBRO | ||
| 949 |
_a632.93 F3 v.182/1 _bBC _cFAO _d33724000988150 _eFAO1 _h108026 _i103753 _sb |
||
| 949 |
_a632.93 F3 v.182/2 _bBC _cFAO _d33724000988093 _eFAO1 _h108027 _i103753 _sb |
||
| 999 |
_c92209 _d92209 |
||